00411nam a2200121 a 4500008004100000050002300041110004700064245006600111260005500177300001500232350000900247650003300256070427s2006 ||||||||||||||||| || u aGOV.ZAM(02)2006/5A aGovernment of the Republic of Zambia (GRZ)10aZambia vision 2030: a prosperous middle-income nation by 2030 aLusakabGovernment of the Republic of Zambiac2006 a33p.: ill. a0.00 aDEVELOPMENT PLANNING--ZAMBIA